000 00756cam5a220021700 4500
001 lce00610921
008 781017s1967 miu b 000 0 eng
010 _a 67027789 //r782
035 _a(Sirsi) r64649
035 _a(DLC) 67027789 //r782
035 _a(UPRA)lce00610921
040 _dUPRA
050 0 _aZ5301
_b.S55
_aCT104
082 _a016.92
100 1 _aSlocum, Robert B.
_6A24561.1
245 1 0 _aBiographical dictionaries and related works :
_ban international bibliography of collective biographies ... /
_c[by] Robert B. Slocum.
260 _aDetroit :
_bGale Research Co.,
_c[1967]
650 0 _aBiography -- Bibliography.
_xBiography -- Bibliography.
_6S17745.1
949 _aZ5301
_wlcc
_i-86268
_mMAIN
_tBOOK
_lON-SHELF
004 64649
999 _c179136
_d179136